<?xml version="1.0" encoding="UTF-8"?><?xml-stylesheet type="text/xsl" href="static/style.xsl"?><OAI-PMH xmlns="http://www.openarchives.org/OAI/2.0/" xmlns:xsi="http://www.w3.org/2001/XMLSchema-instance" xsi:schemaLocation="http://www.openarchives.org/OAI/2.0/ http://www.openarchives.org/OAI/2.0/OAI-PMH.xsd"><responseDate>2026-04-17T15:04:01Z</responseDate><request verb="GetRecord" identifier="oai:www.recercat.cat:10256/17333" metadataPrefix="marc">https://recercat.cat/oai/request</request><GetRecord><record><header><identifier>oai:recercat.cat:10256/17333</identifier><datestamp>2024-06-18T12:11:40Z</datestamp><setSpec>com_2072_452955</setSpec><setSpec>com_2072_2054</setSpec><setSpec>col_2072_452961</setSpec></header><metadata><record xmlns="http://www.loc.gov/MARC21/slim" xmlns:dcterms="http://purl.org/dc/terms/" xmlns:xsi="http://www.w3.org/2001/XMLSchema-instance" xmlns:doc="http://www.lyncode.com/xoai" xsi:schemaLocation="http://www.loc.gov/MARC21/slim http://www.loc.gov/standards/marcxml/schema/MARC21slim.xsd">
   <leader>00925njm 22002777a 4500</leader>
   <datafield ind2=" " ind1=" " tag="042">
      <subfield code="a">dc</subfield>
   </datafield>
   <datafield ind2=" " ind1=" " tag="720">
      <subfield code="a">Trelles Zambrano, César Augusto</subfield>
      <subfield code="e">author</subfield>
   </datafield>
   <datafield ind2=" " ind1=" " tag="720">
      <subfield code="a">Toalongo Guamba, Ximena</subfield>
      <subfield code="e">author</subfield>
   </datafield>
   <datafield ind2=" " ind1=" " tag="720">
      <subfield code="a">Alsina, Àngel</subfield>
      <subfield code="e">author</subfield>
   </datafield>
   <datafield ind2=" " ind1=" " tag="720">
      <subfield code="a">Gonzáles, Neli</subfield>
      <subfield code="e">author</subfield>
   </datafield>
   <datafield ind2=" " ind1=" " tag="260">
      <subfield code="c">2019-11-01</subfield>
   </datafield>
   <datafield ind2=" " ind1=" " tag="520">
      <subfield code="a">Mathematical modeling as a didactic tool is increasingly present in curricular documents from different countries, as opposed to the need to provide teachers with the necessary knowledge to be able to take it to the classroom. While there are several proposals and approaches to put it into practice, in this work we address the MEAS presenting the most important aspects that we consider that Secondary Education teachers should know about them, as well as some practical examples that can be applied, with the purpose of contributing to the professional development of mathematics teacherS</subfield>
   </datafield>
   <datafield ind2=" " ind1=" " tag="520">
      <subfield code="a">La modelización matemática como herramienta didáctica está cada vez más&#xd;
presente en los documentos curriculares de diferentes países, frente a ello surge la necesidad de dotar al profesorado de los conocimientos necesarios para poder llevarla a las&#xd;
aulas. Si bien son varias las propuestas y enfoques para poder ponerla en práctica, en&#xd;
este trabajo abordamos las actividades que generan modelos, también conocidas como&#xd;
Actividades Reveladoras de Pensamiento (Model-Eliciting Activities o MEAs, por sus&#xd;
siglas en inglés), presentando los aspectos más importantes que consideramos que el&#xd;
profesorado de Educación Secundaria debe conocer acerca de las mismas, así como algunos ejemplos para facilitar su aplicación, con el propósito de contribuir al desarrollo&#xd;
profesional del profesorado de matemáticas.</subfield>
   </datafield>
   <datafield ind1="8" ind2=" " tag="024">
      <subfield code="a">http://hdl.handle.net/10256/17333</subfield>
   </datafield>
   <datafield tag="653" ind2=" " ind1=" ">
      <subfield code="a">Mathematics teaching methods</subfield>
   </datafield>
   <datafield tag="653" ind2=" " ind1=" ">
      <subfield code="a">Didàctica -- Educació secundària</subfield>
   </datafield>
   <datafield tag="653" ind2=" " ind1=" ">
      <subfield code="a">Teaching -- Study and teaching (Secondary)</subfield>
   </datafield>
   <datafield tag="653" ind2=" " ind1=" ">
      <subfield code="a">Matemàtica -- Ensenyament</subfield>
   </datafield>
   <datafield tag="653" ind2=" " ind1=" ">
      <subfield code="a">Mathematics -- Study and Teaching</subfield>
   </datafield>
   <datafield tag="653" ind2=" " ind1=" ">
      <subfield code="a">Professors d'educació secundària -- Formació</subfield>
   </datafield>
   <datafield tag="653" ind2=" " ind1=" ">
      <subfield code="a">High school teachers -- Training of</subfield>
   </datafield>
   <datafield ind2="0" ind1="0" tag="245">
      <subfield code="a">La modelización matemática a través de actividades generadoras de modelos: una propuesta para el aula de secundaria</subfield>
   </datafield>
</record></metadata></record></GetRecord></OAI-PMH>